Perception and its development: A tribute to Llearnor J Gibson (Record no. 10200)

MARC details
000 -LEADER
fixed length control field 00403nam a2200145Ia 4500
008 - FIXED-LENGTH DATA ELEMENTS--GENERAL INFORMATION
fixed length control field 230917s9999||||xx |||||||||||||| ||und||
040 ## - CATALOGING SOURCE
-- 5010863
Original cataloging agency VIVEKANANDA LIBRARY
041 ## - Language
-- English
082 ## - DDC NUMBER
Classification number 152 P586P
100 ## - MAIN ENTRY--PERSONAL NAME
Personal name Rick, Anne D, ed.
245 #0 - TITLE STATEMENT
Title Perception and its development: A tribute to Llearnor J Gibson
260 ## - PUBLICATION, DISTRIBUTION, ETC. (IMPRINT)
Place of publication, distribution, etc New Jersey
Name of publisher, distributor, etc Lawrence Associates
Date of publication, distribution, etc 1979
300 ## - PHYSICAL DESCRIPTION
Pages xiii, 258 p.
942 ## - ADDED ENTRY ELEMENTS (KOHA)
Koha item type Books
Holdings
Withdrawn status Lost status Damaged status Not for loan Location (home branch) Sublocation or collection (holding branch) Date acquired Koha issues (times borrowed) Koha full call number Accession No. Koha date last seen Koha item type
        VIVEKANANDA LIBRARY VIVEKANANDA LIBRARY 19/06/2023   152 P586P 313872 17/09/2023 Books
© Designed and Maintained by Vivekananda Library, MDU Rohtak